MBTI診断の性格タイプ - Statistics

General Stats
  • This quiz has been taken 133 times
  • The average score is 8 of 16
Answer Stats
% Correct
ENFJ 主人公
74%
ESFP エンターテイナー
71%
ISTP 巨匠
60%
INFP 仲介者
59%
ENTP 討論者
52%
ISFP 冒険家
51%
INTP 論理学者
50%
ENFP 運動家
50%
INTJ 建築家
46%
ISFJ 擁護者
46%
INFJ 提唱者
39%
ESFJ 領事
39%
ENTJ 指揮官
37%
ESTP 起業家
34%
ISTJ 管理者
31%
ESTJ 幹部
29%
No matching quizzes found
Score Distribution
Percent of People with Each Score
Percentile by Number Answered
Your Score History
You have not taken this quiz